The French speaker's skill with grammatical gender : an example of rule-governed behavior /

Bibliographic Details
Main Author: Tucker, G. Richard
Other Authors: Lambert, Wallace E., Rigault, André
Format: Book
Language:English
Published: The Hague : Mouton, 1977.
Series:Janua linguarum. Series didactica ; 8.
Subjects:

MARC

Tag First Indicator Second Indicator Subfields
LEADER 00000cam a2200000 i 4500
001 in00000625021
005 20151015050727.0
008 780223s1977 ne b 00010 eng
010 |a  77378191  
015 |a Ne*** 
020 |a 902793195X 
035 |a (OCoLC)03492405 
035 |9 ACT1709AM 
040 |a DLC  |c DLC  |d TXA  |d UtOrBLW 
049 |a TXAM  |c [975324] 
050 0 0 |a PC2211  |b .T78 
082 0 |a 445 
100 1 |a Tucker, G. Richard. 
245 1 4 |a The French speaker's skill with grammatical gender :  |b an example of rule-governed behavior /  |c by G. R. Tucker, W. E. Lambert, A. A. Rigault. 
264 1 |a The Hague :  |b Mouton,  |c 1977. 
300 |a 131 pages :  |b graphs ;  |c 26 cm. 
336 |a text  |b txt  |2 rdacontent 
337 |a unmediated  |b n  |2 rdamedia 
338 |a volume  |b nc  |2 rdacarrier 
490 1 |a Janua linguarum. Series didactica,  |v 8 
504 |a Bibliography: pages [65]-66. 
650 0 |a French language  |x Gender. 
650 0 |a Cartesian linguistics. 
650 0 |a Psycholinguistics. 
700 1 |a Lambert, Wallace E. 
700 1 |a Rigault, André. 
830 0 |a Janua linguarum. Series didactica ;  |v 8. 
999 |a MARS 
999 f f |s acb442bf-5989-397d-ac90-20fa13a570f8  |i 0059199e-9c73-327e-abda-031c80dab9b3  |t 0 
952 f f |p ric  |a Texas A&M University  |b Rellis Campus  |c Joint Library Facility  |s JLF  |d Remote Storage  |t 0  |e PC2211 .T78  |h Library of Congress classification  |i unmediated -- volume  |m A14803566379 
998 f f |a PC2211 .T78  |t 0  |l Remote Storage